Weed science and management (Record no. 75678)

MARC details
000 -LEADER
fixed length control field 00459nam a22001457a 4500
020 ## - INTERNATIONAL STANDARD BOOK NUMBER
ISBN 978-81-931978-9-9
082 ## - DEWEY DECIMAL CLASSIFICATION NUMBER
Classification number 632.51 YAD
100 ## - MAIN ENTRY--AUTHOR NAME
Personal name YADURAJU, N.T. et al, Ed.
245 ## - TITLE STATEMENT
Title Weed science and management
260 ## - PUBLICATION, DISTRIBUTION, ETC. (IMPRINT)
Place of publication Jabalpur
-- New Delhi
Name of publisher Indian Society of Weed Science
-- Indian Society of Agronomy
Year of publication 2016
300 ## - PHYSICAL DESCRIPTION
Number of Pages 401p.
Other physical details paper bound
650 ## - SUBJECT ADDED ENTRY--TOPICAL TERM
Topical Term Weed biology
-- Herbicides
-- Climate change
-- Weed research
942 ## - ADDED ENTRY ELEMENTS (KOHA)
Koha item type Books
Holdings
Withdrawn status Lost status Damaged status Not for loan Home library Current library Date acquired Source of acquisition Full call number Accession Number Koha item type
        RRII Library RRII Library 30/09/2025 Kanishka Book Centre, Delhi invoice no. KBC/1586/2025 dated 04/09/2025 for Rs 3424/- 632.51 YAD 23627 Books